000 00624nam a2200241Ia 4500
003 OSt
005 20221005122237.0
006 a|||||r|||| 00| 0
007 ta
008 221004b |||||||| |||| 00| 0 eng d
024 _a39544
037 _cTextual
040 _aCRL
_cCRL
_beng
041 _2eng
_aeng
082 _aO:3M67:31, H8
100 _aGalsworthy John
245 0 _aIsland pharisees
260 _c1948
490 _aGrove edition of the works of John Galsworthy; 1
650 _aENGLISH LITERATURE
942 _hO:3M67:31, H8
_cTEXL
_2cc
999 _c1043726
_d1043726